Mohan-mala (a Gandhian rosary) : being a thought for each day of the year gleaned from the writings and speeches of Mahatma Gandhi /

Saved in:
Bibliographic Details
Other Authors: Prabhu, R. K. (Ramachandra Krishna), 1883-1966
Format: Book
Language:English
Published: Ahmedabad [India] : Navajivan Press, 1959
Edition:2nd ed.
Subjects:
LEADER 01010nam a2200229 a 4500
001 c000056960
003 CARM
005 00000000000000.0
008 s1959 ii c 00000 eng d
019 1 |a 4655289  |5 LACONCORD2021 
035 |a (OCoLC)219956443  |5 LACONCORD2021 
040 |a VERC  |c VERC 
082 1 |a 954.0350924  |2 19 
245 0 0 |a Mohan-mala (a Gandhian rosary) :  |b being a thought for each day of the year gleaned from the writings and speeches of Mahatma Gandhi /  |c compiled by R.K. Prabhu. 
250 |a 2nd ed. 
260 |a Ahmedabad [India] :  |b Navajivan Press,  |c 1959  |g (1977 printing). 
300 |a vi, 134 p., [1] part. :  |b ill. ;  |c 16 cm. 
600 1 0 |a Gandhi,  |c Mahatma,  |d 1869-1948.  |t Selections. 
700 1 |a Prabhu, R. K.  |q (Ramachandra Krishna),  |d 1883-1966. 
852 8 |b CARM  |h A2:AH15H0  |i A02753  |p 0203145  |f BK 
999 f f |i 16db416a-6004-5ebb-a171-23657dbd200e  |s db18fd1c-29e4-5301-a603-28670a6d9999 
952 f f |p Can circulate  |a CAVAL  |b CAVAL  |c CAVAL  |d CARM 1 Store  |e A02753  |f A2:AH15H0  |h Other scheme  |i book  |m 0203145